| 000 | 00662nam a2200181 a 4500 | ||
|---|---|---|---|
| 001 | 000029189 | ||
| 005 | 20200930055402.0 | ||
| 008 | 110412s1998 dr 000 0 spa d | ||
| 040 |
_aDO-SdBNP _bspa _cBNPHU |
||
| 082 |
_axxxx10 _bN127h |
||
| 100 | 1 |
_aNadal Salas, Pablo _95154 |
|
| 245 | 1 | 3 |
_aHacia una teoría "A" de la administración / _cPablo Nadal Salas. |
| 260 |
_aSanto Domingo : _bUniversidad Nacional Pedro Henríquez Ureña (UNPHU), _c[1998]. |
||
| 300 |
_a[18 p.] ; _c22 cm. |
||
| 500 | _aConferencia dictada en la Universidad Nacional Pedro Henríquez Ureña (UNPHU) el día 23 de febrero de 1995 | ||
| 504 | _aBibliografía : p.18 | ||
| 049 | _aBNPD | ||
| 999 |
_c28681 _d28681 |
||